000 01263nam0a22003251 4500
001 v19\rc\1422504
005 20250618112037.0
035 _a(NLR Aleph) 004548863
090 _a2112786
_c2112786
100 _a20060512d1884 |||y0rusy50 ca
101 0 _arus
102 _aRU
105 _aa z |||||
200 1 _aНовейшие английские броненосцы
_fСост. кап.-лейт. Пав. Мордовин
210 _aСанкт-Петербург
_cтип. Мор. м-ва
_d1884
215 _a[2], VI, [2], 138 с., 13 л. ил.
_d23
300 _aИз предисл.: Предлагаемая работа служит продолжением, сост. мною книги: "Английский броненосный флот..."
316 _aЭкз. РНБ (127/591): с автогр. авт.
_5NLR: 127/591
320 _aБиблиогр. в предисл.
700 1 _aМордовин
_bП.А.
_f-1907
_gПавел Александрович
801 0 _aRU
_bNLR
_gpsbo
801 0 _aRU
_bRuMoRGB
_2psbo
801 1 _aRU
_bProSoft-M
_2rusmarc
852 _aNLR
_j18.194.7.41
852 _aNLR
_j127/591
899 _aRuMoRGB
_jΔ 361/5
899 _aRuMoRGB
_jΔ 358/295
899 _aБАН
942 _cBOOK
980 _aNB